000 00477nam a2200145 i 4500
001 36247
003 ES-MaACL
007 t|
008 030217s1906 xxk ||||1| eng d
100 1 _aBreul, Karl.
_931647
245 1 0 _aA new german and english dictionary
_b: compiled from the best authorities in both languages /
_crevised and considerably enlarged by Karl Breul.
260 _aLondon :
_bCassell,
_c1906.
300 _a2 t. en 1 v. ;
_c22 cm.
852 _aES-MaACL
_jL-5144
999 _c36247
_d36247